| 000 | 02802nam0a2200445 4500 | ||
|---|---|---|---|
| 001 | RU\NLR\BIBL_A\012313731 | ||
| 005 | 20260407115650.0 | ||
| 035 | _a(NLR Aleph) 012313731 | ||
| 090 |
_a11384088 _c11384088 |
||
| 100 | _a20200813d1901 |||y0rusy50 ca | ||
| 101 | 0 | _arus | |
| 102 | _aRU | ||
| 105 | _ay z 000zy | ||
| 181 | 0 |
_ai _baxxe |
|
| 182 | 0 | _an | |
| 200 | 1 |
_aОб усилении денежных средств Ставропольской, Омской и Томской контрольных палат для ревизии операций казенной продажи питей _eв Государственный Совет _fГосударственный Контроль. Департамент Гражданской Отчетности. 28 февраля 1901 года. № 1510 |
|
| 203 |
_aТекст _bвизуальный _cнепосредственный |
||
| 210 |
_a[С.-Петербург _cб. и.] _d1901 |
||
| 215 |
_a5 с. _d34 |
||
| 300 | _aВ конце текста: Подписал: Государственный Контролер, Генерал от Инфантерии Лобко; Скрепил: Генерал-Контролер Д. Белаго | ||
| 300 | _aНа стр. 1, 5: CCCI, 4 | ||
| 309 | _aБез тит. л. и обл. | ||
| 606 | 1 |
_aГосударственный контроль _jДокументы и материалы _yРоссия _91473177 _3RU\NLR\AUTH\66317029 |
|
| 606 | 1 |
_aГосударственные учреждения _jДокументы и материалы _xФинансирование _yРоссия _92386649 _3RU\NLR\AUTH\6601644251 |
|
| 686 | 3 | _aХ819(2)071,011 | |
| 686 | 3 | _aУ26(28)153,011 | |
| 702 | 1 |
_4720 _7ca _8rus _aЛобко _bП. Л. _cвоен. и гос. деятель _f1838-1905 _gПавел Львович _9198077 _3RU\NLR\AUTH\770198128 |
|
| 702 | 1 |
_4720 _aБелаго _bД. Е. _cгос. деятель _f1847-1908 _gДмитрий Евграфович _9197845 _3RU\NLR\AUTH\770197896 |
|
| 711 | 0 | 2 |
_aСтавропольская контрольная палата _9728323 _3RU\NLR\AUTH\880532923 |
| 711 | 0 | 2 |
_aОмская контрольная палата _9728325 _3RU\NLR\AUTH\880532924 |
| 711 | 0 | 2 |
_aТомская контрольная палата _9728327 _3RU\NLR\AUTH\880532925 |
| 711 | 0 | 1 |
_aРоссия _bГосударственный совет _3RU\NLR\AUTH\889948587 _9392796 |
| 711 | 0 | 1 |
_aРоссия _bГосударственный контроль _3RU\NLR\AUTH\889938294 _9371407 |
| 712 | 0 | 1 |
_4570 _aРоссия _bДепартамент гражданской отчетности _3RU\NLR\AUTH\889928218 _9352068 |
| 852 |
_aNLR _j135/294-355 (12) |
||
| 942 | _cBOOK | ||
| 980 | _aNB | ||